Giants Players With 1000 Scrimmage Yards - Statistics

General Stats
  • This quiz has been taken 21 times
  • The average score is 32 of 70
Answer Stats
Position (Year) Yards Player % Correct
RB (2018) 2,028 Saquon Barkley
100%
RB (2022) 1,650 Saquon Barkley
100%
RB (2019) 1,441 Saquon Barkley
100%
RB (2023) 1,242 Saquon Barkley
100%
WR (2015) 1,453 Odell Beckham Jr.
89%
WR (2016) 1,376 Odell Beckham Jr.
89%
WR (2014) 1,340 Odell Beckham Jr.
89%
WR (2018) 1,071 Odell Beckham Jr.
89%
WR (2024) 1,206 Malik Nabers
83%
RB (2005) 2,390 Tiki Barber
83%
RB (2006) 2,127 Tiki Barber
83%
RB (2004) 2,096 Tiki Barber
83%
RB (2002) 1,984 Tiki Barber
83%
RB (2000) 1,725 Tiki Barber
83%
RB (2003) 1,677 Tiki Barber
83%
RB (2001) 1,442 Tiki Barber
83%
WR (2011) 1,539 Victor Cruz
78%
WR (2012) 1,092 Victor Cruz
78%
RB (2010) 1,549 Ahmad Bradshaw
67%
RB (2012) 1,260 Ahmad Bradshaw
67%
RB (2007) 1,183 Brandon Jacobs
67%
RB (2008) 1,125 Brandon Jacobs
67%
RB (2009) 1,019 Brandon Jacobs
67%
WR (2005) 1,214 Plaxico Burress
61%
WR (2007) 1,025 Plaxico Burress
61%
WR (2002) 1,345 Amani Toomer
56%
WR (1999) 1,187 Amani Toomer
56%
WR (2000) 1,185 Amani Toomer
56%
WR (2003) 1,062 Amani Toomer
56%
WR (2001) 1,062 Amani Toomer
56%
LE (1967) 1,269 Homer Jones
56%
LE (1966) 1,087 Homer Jones
56%
LE (1968) 1,075 Homer Jones
56%
WR (2009) 1,220 Steve Smith
56%
WR (2011) 1,192 Hakeem Nicks
50%
WR (2010) 1,052 Hakeem Nicks
50%
RB (1989) 1,291 Ottis Anderson
50%
RB (2024) 1,123 Tyrone Tracy Jr.
50%
LH (1956) 1,422 Frank Gifford
44%
LH (1959) 1,308 Frank Gifford
44%
LH (1957) 1,116 Frank Gifford
44%
TE (1986) 1,001 Mark Bavaro
44%
RB (1972) 1,633 Ron Johnson
33%
RB (1970) 1,514 Ron Johnson
33%
RB (1973) 1,279 Ron Johnson
33%
RB (2015) 1,159 Rashad Jennings
28%
RB (1986) 1,749 Joe Morris
22%
RB (1985) 1,548 Joe Morris
22%
RB (1988) 1,249 Joe Morris
22%
RB (1992) 1,356 Rodney Hampton
17%
RB (1991) 1,342 Rodney Hampton
17%
RB (1995) 1,324 Rodney Hampton
17%
RB (1993) 1,287 Rodney Hampton
17%
RB (1994) 1,178 Rodney Hampton
17%
RB (2008) 1,409 Derrick Ward
11%
RB (1998) 1,099 Gary Brown
11%
WR (1999) 1,012 Ike Hilliard
11%
FB (1997) 1,002 Charles Way
6%
WR (1983) 1,139 Earnest Gray
6%
RB (1969) 1,034 Joe Morrison
6%
FB/HB (1961) 1,241 Alex Webster
0%
FB (1962) 1,220 Alex Webster
0%
RB (1983) 1,225 Butch Woolfolk
0%
LE (1963) 1,181 Del Shofner
0%
LE (1962) 1,137 Del Shofner
0%
LE (1961) 1,131 Del Shofner
0%
RB (1976) 1,050 Doug Kotar
0%
LH (1949) 1,345 Gene Roberts
0%
WR (1988) 1,056 Lionel Manuel
0%
FB (1984) 1,004 Rob Carpenter
0%
No matching quizzes found
Score Distribution
Percent of People with Each Score
Percentile by Number Answered
Your Score History
You have not taken this quiz